Matemática 1º medio: guía didáctica del docente
Guardat en:
| Autors principals: | , |
|---|---|
| Format: | Llibre |
| Idioma: | espanyol |
| Publicat: |
Santiago
Santillana del Pacífico
2017
|
| Edició: | 1a. ed |
| Matèries: | |
| Etiquetes: |
Afegir etiqueta
Sense etiquetes, Sigues el primer a etiquetar aquest registre!
|
MARC
| LEADER | 00000cam a2200000 a 4500 | ||
|---|---|---|---|
| 001 | UCD9863 | ||
| 003 | CL-VaPUC | ||
| 008 | 170709e20170100cl |||||||||||||||||spa|d | ||
| 020 | |a 9789561530416 | ||
| 082 | 0 | 4 | |a 510.712 |b VAS |2 21 |
| 100 | 0 | |a Vásquez Ortiz, Claudia |e author |9 593632 | |
| 700 | 0 | |a Alvarado Carrasco, Loreto |e author |9 593633 | |
| 245 | 1 | 0 | |a Matemática 1º medio: guía didáctica del docente |
| 250 | |a 1a. ed | ||
| 300 | |a t | ||
| 942 | |c BK | ||
| 945 | |d 20170709 17:01:00 |a arojas | ||
| 260 | |a Santiago |b Santillana del Pacífico |c 2017 | ||
| 650 | 0 | |a Matemáticas |x Enseñanza |9 875527 | |
| 650 | 0 | |a Textos escolares |9 382843 | |
| 650 | 0 | |a Libros de texto |9 270019 | |
| 583 | |a last modification |c 20170709 17:01:00 |k Rodrigo Vera | ||
| 999 | |c 368875 |d 368873 | ||
| 952 | |0 0 |1 0 |3 erb |4 0 |6 510_712000000000000_VAS_2017 |7 0 |8 A |9 484330 |a BIBEDU |b BIBEDU |h t.1 |i 5405203 |o 510.712 VAS 2017 |p 5405203 |r 2019-11-24 |w 2019-11-24 |y BK |z Catalogado en:20170709 |k EPE | ||
| 952 | |0 0 |1 0 |3 erb |4 0 |6 510_712000000000000_VAS_2017 |7 0 |8 A |9 484331 |a BIBEDU |b BIBEDU |h t.2 |i 5404940 |o 510.712 VAS 2017 |p 5404940 |r 2019-11-24 |w 2019-11-24 |y BK |z Catalogado en:20170709 |k EPE | ||